Normal view
MARC view
Entry Personal Name
001 - CONTROL NUMBER
- control field: 34134
003 - CONTROL NUMBER IDENTIFIER
- control field: ARRUPE
005 - DATE AND TIME OF LATEST TRANSACTION
- control field: 20170801102547.0
008 - FIXED-LENGTH DATA ELEMENTS
- fixed length control field: 170801|| aca||aabn | a|a d
040 ## - CATALOGING SOURCE
- Original cataloging agency: ARRUPE
- Transcribing agency: ARRUPE
100 ## - HEADING--PERSONAL NAME
- Personal name: Camus, Albert,
- Dates associated with a name: 1913-1960.
670 ## - SOURCE DATA FOUND
- Source citation: Work cat.: (ARRUPE)53994: Mounier, Emmanuel, 1905-1950. 18775, L'espoir des désespérés., [1953]